| 000 | 00954nam a2200265Ia 4500 | ||
|---|---|---|---|
| 003 | OSt | ||
| 005 | 20221005103926.0 | ||
| 006 | a|||||r|||| 00| 0 | ||
| 007 | ta | ||
| 008 | 221004b |||||||| |||| 00| 0 hin d | ||
| 020 | _a9788192004907 (hbk) | ||
| 024 | _a26459 | ||
| 037 |
_bGift, 06/05/2016, _cTextual |
||
| 040 |
_aCRL _cCRL _bhin |
||
| 041 |
_2hin _ahin |
||
| 082 | _aO152,3:g(W691), Q2 | ||
| 100 | _aगौतम, सुरेश | ||
| 245 | 0 | _aमार्क्स प्रेमचंद, प्रसाद, मुक्तिबोध | |
| 246 | _aMārksa premachanda, prasāda, muktibodha | ||
| 260 |
_aदिल्ली _bके. के. पब्लिकेशन्स भारत _c2012 |
||
| 300 |
_a508पृ0 _ccm. |
||
| 650 | _aहिन्दी साहित्य | ||
| 942 |
_hO152,3:g(W691), Q2 _cTEXL _2cc |
||
| 999 |
_c1011296 _d1011296 |
||